Pôda je národné bohatstvo i záruka štátnosti

Enregistré dans:
Détails bibliographiques
Collectivité auteur: Slovak Economic Association
Autres auteurs: Lysák, Ladislav, Vlnka, Ján, Grešš, Martin, 1978-, Bača, Jozef, Sabocká, Jaroslava, Vilček, Jozef
Format: Livre
Langue:slovaque
Publié: Martin Matica slovenská 2017
Édition:1. vyd.
Sujets:
Tags: Ajouter un tag
Pas de tags, Soyez le premier à ajouter un tag!

MARC

LEADER 00000nam a2200000 4500
001 0230161
005 20240502073800.5
020 |a 978-80-8128-190-7 
041 0 |a slo 
044 |a SK 
245 1 0 |a Pôda je národné bohatstvo i záruka štátnosti  |c Ladislav Lysák a kolektív ; recenzenti: Jozef Bača, Jaroslava Sabocká, Jozef Vilček 
250 |a 1. vyd. 
264 1 |a Martin  |b Matica slovenská  |c 2017 
300 |a 138 s. [7,22 AH] 
610 2 0 |a pôda 
610 2 0 |a hodnota pôdy 
610 2 0 |a voda 
610 2 0 |a lesy 
610 2 0 |a politika poľnohospodárska 
610 2 0 |a politika pozemková 
700 1 |a Lysák, Ladislav 
700 1 |a Vlnka, Ján 
700 1 |a Grešš, Martin, 1978- 
700 1 |a Bača, Jozef 
700 1 |a Sabocká, Jaroslava 
700 1 |a Vilček, Jozef 
710 2 |a Slovak Economic Association